000 00426nam a2200181Ia 4500
001 15965
005 20260306170234.0
008 260306t2009||||xx |||||||||||||| ||und||
041 _aESP
082 _a620.86
_bM28
100 _aFloría, Pedro Mateo
_eAUT
245 0 _aGestión de la higiene industrial en la empresa
260 _c2009
300 _a
_c
650 _aGEN
654 _aCII
942 _cLIB
_dJUS
_fJUS
_2ddc
_n
999 _c15965
_d15965